| 000 | 00459nam a22001697a 4500 | ||
|---|---|---|---|
| 005 | 20240325132244.0 | ||
| 008 | 240325b |||||||| |||| 00| 0 eng d | ||
| 020 | _a9780071608466 | ||
| 082 |
_a005.74 _bOPP-D |
||
| 100 | _aOppel, Andy | ||
| 245 |
_aDatabases a beginner's guide / _cAndy oppel |
||
| 260 |
_aindia: _bMcGraw-Hill; _c2009. |
||
| 300 |
_a478 p. : _bill; _c23 cm. |
||
| 500 | _ainclude index. | ||
| 650 | _acomputer science/Database | ||
| 999 |
_c35461 _d35461 |
||